[Event "40th Olympiad Women"]
[Site "Istanbul TUR"]
[Date "2012.09.06"]
[Round "9.18"]
[Board "4"]
[White "Sanchez Zambrano, Vanessa"]
[Black "Martinez, Ayelen"]
[Result "1/2-1/2"]
[WhiteElo "1858"]
[BlackElo "2095"]
[WhiteTeam "Peru"]
[BlackTeam "Argentina"]
[WhiteFideId "3804925"]
[BlackFideId "118702"]
[EventDate "2012.08.28"]

1. d4 Nf6 2. c4 g6 3. Nc3 Bg7 4. e4 d6 5. Nf3 O-O 6. Be2 e5 7. O-O Nc6 8. d5 Ne7
9. a4 a5 10. Ne1 Ne8 11. Nd3 f5 12. f3 f4 13. b3 g5 14. Ba3 h5 15. c5 Rf6 16.
Rc1 Rg6 17. Nf2 Kh8 18. Nb5 Ng8 19. Rc3 Nh6 20. cxd6 cxd6 21. h3 Bd7 22. Qc2 Qb6
23. Kh1 Bf6 24. Nc7 Nxc7 25. Rxc7 Rg7 26. Rc3 Rh7 27. Bb5 Bxb5 28. axb5 Qxb5 29.
Rc8+ Rxc8 30. Qxc8+ Ng8 31. Rc1 Qb6 32. Nd3 Qxb3 33. Bxd6 Qxd3 34. Qe6 g4 35.
Bxe5 Rh6 36. Bxf4 gxf3 37. Bxh6 fxg2+ 38. Kh2 Qf3 39. Qf5 Qxf5 40. exf5 Nxh6 41.
Rc8+ Ng8 42. Kxg2 b5 43. d6 a4 44. d7 a3 45. Ra8 b4 46. Ra4 Nh6 47. Rxb4 Nf7 48.
Ra4 Be7 49. f6 Bf8 50. Ra8 Kg8 51. Kf2 a2 52. Rxa2 Bc5+ 53. Kg3 Kh7 54. Ra8 Bb6
55. Kf4 Kg6 56. Ra6 Bd8 57. Ke4 Bxf6 58. Kd5 Kg7 59. Re6 Nd8 60. Re8 Kf7 61. Kd6
Bg5 62. Rh8 h4 63. Kc7 Ne6+ 64. Kc8 Bf6 65. Re8 Bg5 66. Rh8 Bf6 1/2-1/2

[Event "40th Olympiad Women"]
[Site "Istanbul TUR"]
[Date "2012.09.06"]
[Round "9.19"]
[Board "1"]
[White "Salazar, Aura Cristina"]
[Black "Leite, Catarina"]
[Result "1-0"]
[WhiteTitle "WFM"]
[BlackTitle "WIM"]
[WhiteElo "2228"]
[BlackElo "2178"]
[WhiteTeam "Colombia"]
[BlackTeam "Portugal"]
[WhiteFideId "4403312"]
[BlackFideId "1901222"]
[EventDate "2012.08.28"]

1. d4 Nf6 2. c4 g6 3. Nc3 Bg7 4. e4 d6 5. Be2 O-O 6. Nf3 Nbd7 7. O-O e5 8. Be3
h6 9. h3 a5 10. Qc2 exd4 11. Nxd4 Re8 12. Rad1 Nc5 13. Bf3 Nh7 14. Be2 Ng5 15.
f3 c6 16. Qd2 Qe7 17. h4 Nh7 18. h5 g5 19. g4 Be5 20. Bd3 Nf8 21. Bb1 Nfe6 22.
Nf5 Qf6 23. Ne2 Ng7 24. Nxd6 Rd8 25. Bxc5 b6 26. Bxb6 Rxd6 27. Qc2 Rb8 28. Rxd6
Qxd6 29. Rd1 Qf6 30. Bd4 Bxd4+ 31. Nxd4 c5 32. e5 1-0

[Event "40th Olympiad Women"]
[Site "Istanbul TUR"]
[Date "2012.09.06"]
[Round "9.19"]
[Board "2"]
[White "Coimbra, Margarida"]
[Black "Franco Valencia, Angela"]
[Result "1/2-1/2"]
[WhiteTitle "WFM"]
[BlackTitle "WFM"]
[WhiteElo "2116"]
[BlackElo "2170"]
[WhiteTeam "Portugal"]
[BlackTeam "Colombia"]
[WhiteFideId "1901192"]
[BlackFideId "4403070"]
[EventDate "2012.08.28"]

1. e4 e5 2. Nf3 Nc6 3. d4 exd4 4. Nxd4 Nf6 5. Nxc6 bxc6 6. e5 Qe7 7. Qe2 Nd5 8.
c4 Ba6 9. b3 O-O-O 10. g3 f6 11. Bg2 fxe5 12. O-O Re8 13. Qd2 Nb6 14. Qa5 Kb7
15. Ba3 Qf7 16. Nc3 Bxa3 17. Qxa3 d5 18. Rfd1 e4 19. Qa5 Re5 20. Rab1 Qf5 21.
Qb4 Ka8 22. Ne2 Bb7 23. Nd4 Qf8 24. c5 Nd7 25. Rbc1 h5 26. Qa5 h4 27. Qxc7 hxg3
28. hxg3 Qd8 29. Qxd8+ Rxd8 30. Re1 Rh8 31. b4 g5 32. f3 Nf6 33. Rc3 g4 34. fxe4
Nxe4 35. Rce3 Reh5 36. Ne2 Ba6 37. Nf4 R5h6 38. Bxe4 dxe4 39. Rxe4 Rh1+ 40. Kf2
R8h2+ 41. Ng2 Rxe1 42. Rxe1 Bc4 43. Kg1 Rh3 44. Re4 Bxa2 45. Rxg4 Kb7 46. Ne3
Ka6 47. Kg2 Rh7 48. Nc4 Bxc4 49. Rxc4 Kb5 50. Rf4 a5 51. bxa5 Kxc5 52. Ra4 Kb5
53. Ra1 c5 54. a6 Ra7 55. g4 c4 56. Kf2 Kb4 57. Ke2 Kb3 58. Kd1 c3 59. Kc1 Rh7
60. Rb1+ Kc4 61. Rb7 Rh2 62. Kd1 c2+ 63. Kc1 Kc3 64. Rc7+ Kb3 65. a7 Rh1+ 66.
Kd2 Rd1+ 67. Ke2 Ra1 68. g5 Rxa7 69. Rc8 Rg7 70. Kd2 Rd7+ 71. Ke2 Kb2 72. Rb8+
Kc1 73. g6 Re7+ 74. Kf2 Rc7 75. Ke2 Re7+ 76. Kf2 Rd7 77. Ke2 Rd2+ 78. Ke1 Rd7
79. Ke2 Re7+ 1/2-1/2

[Event "40th Olympiad Women"]
[Site "Istanbul TUR"]
[Date "2012.09.06"]
[Round "9.19"]
[Board "3"]
[White "Chirivi C, Jenny Astrid"]
[Black "Oliveira, Maria Ines"]
[Result "1-0"]
[WhiteTitle "WIM"]
[WhiteElo "2212"]
[BlackElo "1927"]
[WhiteTeam "Colombia"]
[BlackTeam "Portugal"]
[WhiteFideId "4403061"]
[BlackFideId "1909436"]
[EventDate "2012.08.28"]

1. d4 Nf6 2. c4 e6 3. Nf3 Bb4+ 4. Bd2 c5 5. g3 b6 6. Bg2 Bb7 7. O-O O-O 8. Bf4
cxd4 9. a3 Be7 10. Nxd4 Bxg2 11. Kxg2 a6 12. Nc3 d6 13. Bg5 Qc7 14. Rc1 Qxc4 15.
e4 Qc7 16. Nd5 Qd8 17. Rc8 exd5 18. Rxd8 Bxd8 19. Nf5 dxe4 20. Qxd6 Nbd7 21. Rd1
h6 22. Be3 Re8 23. Qc6 Ra7 24. Bf4 Be7 25. Bd6 Bxd6 26. Nxd6 Re6 27. Qc8+ Nf8
28. Nf5 Rd7 29. Rxd7 Nxd7 30. Qxa6 Kh7 31. Qc8 g6 32. Ne3 Kg7 33. Qc3+ Kh7 34.
Qd4 Ne5 35. Qxe4 Nfd7 36. Qb7 Nc5 37. Qc7 Kg7 38. b4 Ne4 39. f3 Nd2 40. f4 Nc6
41. Qxb6 Nb3 42. f5 Rd6 43. Kh3 Rf6 44. Ng4 Rd6 45. f6+ Kh7 46. Qc7 1-0

[Event "40th Olympiad Women"]
[Site "Istanbul TUR"]
[Date "2012.09.06"]
[Round "9.19"]
[Board "4"]
[White "Monteiro, Sara Cristina da Silva"]
[Black "Castrillon Gomez, Melissa"]
[Result "0-1"]
[WhiteTitle "WCM"]
[BlackTitle "WFM"]
[WhiteElo "1841"]
[BlackElo "2181"]
[WhiteTeam "Portugal"]
[BlackTeam "Colombia"]
[WhiteFideId "1909860"]
[BlackFideId "4402413"]
[EventDate "2012.08.28"]

1. d4 Nf6 2. Nf3 g6 3. c4 c5 4. e3 Bg7 5. Nc3 O-O 6. Be2 cxd4 7. exd4 d5 8. O-O
Nc6 9. Re1 Bf5 10. Bg5 Ne4 11. cxd5 Nxc3 12. bxc3 Qxd5 13. a3 h6 14. Bf4 Na5 15.
Ne5 Qb3 16. Qd2 Qb6 17. Nc4 Nxc4 18. Bxc4 g5 19. Bg3 Rac8 20. Bd3 e6 21. h4 Bxd3
22. Qxd3 Qb3 23. Re3 f5 24. f4 Rxc3 25. Qxc3 Qxc3 26. Rxc3 Bxd4+ 27. Bf2 Bxc3
28. Rb1 b6 29. Rb3 Bd2 30. Be3 Bxe3+ 31. Rxe3 Re8 32. fxg5 hxg5 33. hxg5 Kf7 34.
g4 Rg8 35. Kf2 Rxg5 36. gxf5 Rxf5+ 37. Ke2 Kf6 38. Kd3 Ra5 39. Kc4 Kf5 40. Kb4
Rc5 41. a4 e5 42. Rh3 a5+ 43. Kb3 Rc6 44. Rh5+ Kf4 45. Rh8 e4 46. Rf8+ Ke3 47.
Re8 Kd3 48. Rd8+ Ke2 49. Re8 e3 50. Re7 Kd2 51. Rd7+ Ke1 52. Re7 e2 53. Re5 Rc5
54. Re6 Kf2 55. Rf6+ Kg3 56. Re6 Kf3 57. Re7 Rc1 58. Rf7+ Kg4 59. Rg7+ Kf5 0-1

[Event "40th Olympiad Women"]
[Site "Istanbul TUR"]
[Date "2012.09.06"]
[Round "9.20"]
[Board "1"]
[White "Dembo, Yelena"]
[Black "Vazquez Maccarini, Danitza"]
[Result "1-0"]
[WhiteTitle "IM"]
[BlackTitle "WFM"]
[WhiteElo "2457"]
[BlackElo "1916"]
[WhiteTeam "Greece"]
[BlackTeam "Puerto Rico"]
[WhiteFideId "723916"]
[BlackFideId "3101193"]
[EventDate "2012.08.28"]

1. e4 c5 2. Nf3 e6 3. Nc3 a6 4. d4 cxd4 5. Nxd4 Qc7 6. Bd3 Bc5 7. Nb3 Be7 8. Qg4
Bf6 9. O-O d6 10. Bg5 h5 11. Qh4 Nd7 12. Bxf6 Ngxf6 13. f4 b5 14. a3 Bb7 15.
Rae1 e5 16. Kh1 O-O-O 17. a4 b4 18. Na2 a5 19. fxe5 Nxe5 20. Nd4 Ng6 21. Qh3+
Kb8 22. c3 Bc8 23. Qe3 Ng4 24. Qg1 N6e5 25. Be2 b3 26. Nc1 Bb7 27. Ncxb3 Bxe4
28. Bxg4 hxg4 29. Rxe4 g3 30. h3 Nd3 31. Qe3 Nf2+ 32. Rxf2 gxf2 33. Qxf2 Qb7 34.
Re7 Rd7 35. Nxa5 Qc7 36. Nb5 Qc8 37. Qb6+ Ka8 38. Rxd7 1-0

[Event "40th Olympiad Women"]
[Site "Istanbul TUR"]
[Date "2012.09.06"]
[Round "9.20"]
[Board "2"]
[White "Comas Colon, Rinelly"]
[Black "Makropoulou, Marina"]
[Result "0-1"]
[WhiteTitle "WFM"]
[BlackTitle "WGM"]
[WhiteElo "1810"]
[BlackElo "2256"]
[WhiteTeam "Puerto Rico"]
[BlackTeam "Greece"]
[WhiteFideId "3101576"]
[BlackFideId "4200187"]
[EventDate "2012.08.28"]

1. c4 e5 2. Nc3 Nc6 3. g3 g6 4. Bg2 Bg7 5. e4 d6 6. d3 Be6 7. Nge2 Qd7 8. Nd5
Nce7 9. Be3 c6 10. Nxe7 Nxe7 11. O-O O-O 12. Rc1 d5 13. Qc2 d4 14. Bd2 f5 15. f3
Rf7 16. Rce1 c5 17. a3 Rc8 18. b3 h6 19. h4 Kh7 20. Kh2 Rcf8 21. Qc1 Ng8 22. Ng1
fxe4 23. fxe4 Nf6 24. Nf3 Qd6 25. Kg1 Nh5 26. Kh2 Bd7 27. Re2 Qe6 28. Qe1 Qg4
29. b4 Rxf3 30. Rxf3 Rxf3 31. Bxf3 Qxf3 32. bxc5 Qxd3 33. Bb4 Nf6 34. Kg2 Bc6
35. Kh3 Nxe4 0-1

[Event "40th Olympiad Women"]
[Site "Istanbul TUR"]
[Date "2012.09.06"]
[Round "9.20"]
[Board "3"]
[White "Fakhiridou, Ekaterini"]
[Black "Pacheco Medina, Hilzandryly"]
[Result "1-0"]
[WhiteTitle "WIM"]
[WhiteElo "2215"]
[BlackElo "1820"]
[WhiteTeam "Greece"]
[BlackTeam "Puerto Rico"]
[WhiteFideId "4202848"]
[BlackFideId "3100480"]
[EventDate "2012.08.28"]

1. e4 e6 2. Nf3 d5 3. Nc3 dxe4 4. Nxe4 Nd7 5. d4 Ngf6 6. Nxf6+ Nxf6 7. Bd3 c5 8.
c3 a6 9. O-O Qc7 10. Qe2 cxd4 11. Nxd4 Bd6 12. h3 O-O 13. Bg5 Nd5 14. Rad1 Bf4
15. Nf3 h6 16. Qe4 f5 17. Bxf4 Nxf4 18. Qe5 Qxe5 19. Nxe5 b5 20. Rfe1 Bb7 21.
Bf1 Rad8 22. Nd7 Rf7 23. Nf6+ gxf6 24. Rxd8+ Kg7 25. g3 Ng6 26. Rxe6 Ne5 27. Bg2
Nf3+ 28. Bxf3 Bxf3 29. Red6 Re7 30. R8d7 1-0

[Event "40th Olympiad Women"]
[Site "Istanbul TUR"]
[Date "2012.09.06"]
[Round "9.20"]
[Board "4"]
[White "Alvarez Orta, Jo Ann"]
[Black "Pavlidou, Ekaterini"]
[Result "0-1"]
[WhiteTitle "WFM"]
[BlackTitle "WIM"]
[WhiteElo "1753"]
[BlackElo "2237"]
[WhiteTeam "Puerto Rico"]
[BlackTeam "Greece"]
[WhiteFideId "3100979"]
[BlackFideId "4213262"]
[EventDate "2012.08.28"]

1. e4 c5 2. Nf3 d6 3. d4 Nf6 4. Nc3 cxd4 5. Nxd4 a6 6. Bg5 e6 7. f4 h6 8. Bh4
Be7 9. Qf3 Qc7 10. O-O-O Nbd7 11. g4 b5 12. Bg2 Bb7 13. Bxf6 Nxf6 14. g5 hxg5
15. fxg5 Nd7 16. g6 Bg5+ 17. Kb1 Ne5 18. gxf7+ Qxf7 19. Qxf7+ Kxf7 20. Nf3 Nxf3
21. Bxf3 Ke7 22. Rdf1 Raf8 23. Ne2 Rxf3 24. Rxf3 Bxe4 25. Rff1 Bxh1 26. Rxh1 Be3
27. Ng3 Bf4 28. Nf1 g5 29. Rg1 Kf6 30. Rg2 e5 31. Ng3 Bxg3 32. Rxg3 Rxh2 33. Kc1
e4 34. Rc3 Ke5 35. Rc8 g4 36. Rg8 Kf4 37. b3 g3 38. Rf8+ Ke3 39. Rg8 g2 40. Kb2
Kf2 41. Rf8+ Kg1 42. Kc3 Rh3+ 43. Kd2 Rf3 44. Rg8 Kf2 0-1

[Event "40th Olympiad Women"]
[Site "Istanbul TUR"]
[Date "2012.09.06"]
[Round "9.21"]
[Board "3"]
[White "Vahtra, Tuuli"]
[Black "Kaya, Emel"]
[Result "1/2-1/2"]
[WhiteTitle "WFM"]
[BlackTitle "WCM"]
[WhiteElo "2014"]
[BlackElo "1974"]
[WhiteTeam "Estonia"]
[BlackTeam "Turkey"]
[WhiteFideId "4502060"]
[BlackFideId "6306411"]
[EventDate "2012.08.28"]

1. c4 e5 2. Nc3 Nc6 3. g3 Nf6 4. Bg2 Be7 5. d3 O-O 6. e4 Nd4 7. Nge2 c6 8. Nxd4
exd4 9. Ne2 d5 10. h3 dxc4 11. dxc4 Bb4+ 12. Bd2 Bxd2+ 13. Qxd2 c5 14. O-O Rb8
15. b4 b6 16. b5 Re8 17. Qd3 Bb7 18. f3 Qe7 19. Nf4 Qd6 20. Kh2 h5 21. h4 Nd7
22. Nxh5 Qh6 23. Nf4 Ne5 24. Qb3 g5 25. Nh3 gxh4 26. g4 Rbd8 27. Rac1 Qd6 28.
Kh1 Ng6 29. Qd1 Qg3 30. Qe1 Qxe1 31. Rfxe1 d3 32. Red1 Rd4 33. Rc3 Red8 34. Bf1
Ne5 35. Kg2 Nxc4 36. Rdxd3 Ne5 37. Rxd4 Rxd4 38. a4 Rd2+ 39. Kg1 Ra2 40. Nf2
Rxa4 41. Be2 a5 42. Kg2 Ra2 43. Re3 Ng6 44. Nh3 Ne5 45. Nf4 Ra1 46. Nd5 Ng6 47.
Nxb6 Nf4+ 48. Kf2 Nh3+ 49. Kg2 Nf4+ 50. Kf2 Nh3+ 51. Kg2 1/2-1/2

[Event "40th Olympiad Women"]
[Site "Istanbul TUR"]
[Date "2012.09.06"]
[Round "9.21"]
[Board "4"]
[White "Menzi, Nezihe Ezgi"]
[Black "Narva, Regina R."]
[Result "0-1"]
[BlackTitle "WFM"]
[WhiteElo "1876"]
[BlackElo "2042"]
[WhiteTeam "Turkey"]
[BlackTeam "Estonia"]
[WhiteFideId "6310060"]
[BlackFideId "4500237"]
[EventDate "2012.08.28"]

1. e4 d5 2. exd5 Qxd5 3. Nc3 Qa5 4. d4 Nf6 5. Nf3 Bf5 6. Bc4 e6 7. Bd2 c6 8. Nd5
Qd8 9. Nxf6+ gxf6 10. Bf4 Nd7 11. Qd2 Nb6 12. Bd3 Bg4 13. Be2 Nd5 14. Bh6 Qb6
15. O-O-O Bb4 16. Qd3 Bd6 17. g3 Nb4 18. Qb3 Bf5 19. Ne1 a5 20. a3 a4 21. Qc4
Be4 22. axb4 Bxh1 23. f3 a3 24. bxa3 Rxa3 25. Nd3 Ra1+ 26. Kd2 Rxd1+ 27. Bxd1
Ke7 28. Be3 Bg2 29. Nf4 Bxf4 30. Bxf4 Rd8 31. c3 Qb5 32. Qxb5 cxb5 33. Ke1 Ra8
34. Be2 Ra2 35. Kf2 Rc2 36. Bb8 Kd7 37. g4 Kc6 38. Bf4 Kd5 39. h4 e5 40. dxe5
fxe5 41. Be3 e4 42. Ke1 Bxf3 43. Bxb5 Rxc3 44. Bd2 Rb3 45. Be8 Kd4 46. Bxf7 Rb1+
47. Kf2 Rb2 48. Ke1 e3 49. Bc1 Rb1 0-1

[Event "40th Olympiad Women"]
[Site "Istanbul TUR"]
[Date "2012.09.06"]
[Round "9.22"]
[Board "1"]
[White "Ziaziulkina, Nastassia"]
[Black "Petrenko, Svetlana"]
[Result "1/2-1/2"]
[WhiteTitle "WGM"]
[BlackTitle "IM"]
[WhiteElo "2342"]
[BlackElo "2199"]
[WhiteTeam "Belarus"]
[BlackTeam "Moldova"]
[WhiteFideId "13505211"]
[BlackFideId "13900196"]
[EventDate "2012.08.28"]

1. e4 c5 2. Nf3 e6 3. d4 cxd4 4. Nxd4 a6 5. Bd3 Bc5 6. Nb3 Be7 7. Be3 Nc6 8.
N1d2 Rb8 9. f4 Nf6 10. g4 d6 11. g5 Nd7 12. h4 Nc5 13. Nxc5 dxc5 14. Nb3 b6 15.
c3 h6 16. Qe2 hxg5 17. O-O-O gxh4 18. Qg4 g6 19. e5 g5 20. Bxa6 Qc7 21. Bb5 Bd7
22. fxg5 Nxe5 23. Bxd7+ Nxd7 24. Rxh4 Rxh4 25. Qxh4 Nf8 26. Qa4+ b5 27. Qe4 Ng6
28. Rf1 Rc8 29. Qf3 Ne5 30. Qh5 Bf8 31. Nd2 Qb7 32. Qh4 Qg2 33. Rd1 Ng6 34. Ne4
Be7 35. Qh1 Qxh1 36. Rxh1 c4 37. Kc2 Ra8 38. a3 Rd8 39. Bd4 e5 40. Be3 Rd3 41.
Bd2 Rf3 42. Ra1 Nf4 43. a4 b4 44. cxb4 Ne6 45. Re1 Nd4+ 46. Kb1 Kd7 47. Bc3 Nb3
48. b5 Rf5 49. Nf6+ Ke6 50. b6 Nc5 51. Ne4 Nxe4 52. Rxe4 Kd5 53. a5 Bc5 54. Bb4
Bf2 55. Re2 Kc6 56. Bc3 Bd4 57. Rg2 Bxc3 58. bxc3 e4 59. g6 fxg6 60. Rxg6+ Kb7
61. Rg7+ Kb8 62. Ra7 e3 63. Kc2 Rf2+ 64. Kd1 Rb2 65. Rc7 Rd2+ 66. Ke1 Ra2 67.
Rc5 Kb7 68. Re5 Kb8 69. Re8+ Kb7 70. Re7+ Kb8 71. Ra7 Rb2 72. Rc7 Ra2 73. Rxc4
Rxa5 74. Ke2 Kb7 75. Rb4 Rc5 76. Rb3 Re5 77. c4 Rc5 78. Rb4 Rc6 79. Kxe3 Rxb6
80. Ra4 Rd6 81. Ra5 Rd1 82. Ke4 Kc6 83. Rd5 Rxd5 84. cxd5+ Kd6 85. Kd4 Kd7 86.
Ke5 Ke7 87. d6+ Kd7 88. Kd5 Kd8 89. Ke4 1/2-1/2

[Event "40th Olympiad Women"]
[Site "Istanbul TUR"]
[Date "2012.09.06"]
[Round "9.22"]
[Board "2"]
[White "Baciu, Diana"]
[Black "Sharevich, Anna"]
[Result "0-1"]
[WhiteTitle "WFM"]
[BlackTitle "WGM"]
[WhiteElo "2186"]
[BlackElo "2261"]
[WhiteTeam "Moldova"]
[BlackTeam "Belarus"]
[WhiteFideId "13903284"]
[BlackFideId "13503189"]
[EventDate "2012.08.28"]

1. e4 c5 2. Nf3 e6 3. d4 cxd4 4. Nxd4 a6 5. Bd3 Bc5 6. Nb3 Be7 7. O-O Nc6 8. c4
d6 9. Nc3 Nf6 10. Be3 Nd7 11. f4 h5 12. Be2 Nf6 13. Kh1 g6 14. Bf3 O-O 15. Qe2
Qc7 16. Rac1 Nb8 17. Na4 Nbd7 18. c5 d5 19. exd5 Nxd5 20. Nb6 N7xb6 21. cxb6 Qd8
22. Rfd1 Qe8 23. Bxd5 exd5 24. f5 Bg5 25. Re1 Qxe3 26. Qxe3 Bxe3 27. Rxe3 Bxf5
28. Re7 Rad8 29. Rxb7 d4 30. Re7 d3 31. Kg1 Be6 32. Nd2 Kg7 33. a4 a5 34. Rc5
Rd6 35. b7 Rb6 36. Rb5 Rxb5 37. axb5 Rb8 38. Kf2 Kf6 39. Rc7 Bd5 40. Rc6+ Ke5
41. Ra6 Rxb7 42. Rxa5 Kd4 43. Nf1 Re7 44. Ra4+ Kc5 45. Ne3 d2 46. b4+ Kd4 47.
Nd1 Re1 48. Ra1 Ke5 49. Rb1 Be4 50. Ra1 h4 51. b6 Kd6 52. b5 Ke5 0-1

[Event "40th Olympiad Women"]
[Site "Istanbul TUR"]
[Date "2012.09.06"]
[Round "9.22"]
[Board "4"]
[White "Partac, Elena"]
[Black "Nevioselaya, Maria"]
[Result "0-1"]
[WhiteTitle "WGM"]
[WhiteElo "2102"]
[BlackElo "2057"]
[WhiteTeam "Moldova"]
[BlackTeam "Belarus"]
[WhiteFideId "13901001"]
[BlackFideId "13502280"]
[EventDate "2012.08.28"]

1. d4 d5 2. Nf3 Nf6 3. e3 c6 4. c4 a6 5. Bd3 Bg4 6. Nbd2 e6 7. Qc2 Bd6 8. O-O
O-O 9. b3 Nbd7 10. Bb2 Qc7 11. a3 Bh5 12. h3 Rfe8 13. Ng5 h6 14. Ngf3 Bxf3 15.
Nxf3 e5 16. c5 e4 17. cxd6 Qxd6 18. Ne5 exd3 19. Qxd3 Ne4 20. Rac1 Qe6 21. Rc2
Ng5 22. Bc3 f6 23. Nxd7 Qxd7 24. Ba5 Re4 25. f3 Re6 26. Be1 Qe7 27. f4 Rxe3 28.
Qd1 Nf7 29. Bb4 Qe4 30. Bc5 Rxb3 31. Re2 Re3 32. Rxe3 Qxe3+ 33. Kh2 Re8 34. Qb1
b5 35. Qg6 Qe4 36. f5 Ng5 37. Bd6 Rd8 38. Rf4 Qe8 39. Qxe8+ Rxe8 40. h4 Ne4 41.
Bb4 Ra8 42. Ba5 Nd6 43. Rf2 Re8 44. g3 Re3 45. Bb4 Nc4 46. Ra2 a5 47. Bc5 Rf3
48. Kg2 Rd3 49. Kh3 Kf7 50. Kg4 a4 51. Re2 Re3 52. Ra2 h5+ 53. Kxh5 Rxg3 54. Re2
Re3 55. Ra2 Re4 56. Rf2 Ne3 0-1

[Event "40th Olympiad Women"]
[Site "Istanbul TUR"]
[Date "2012.09.06"]
[Round "9.23"]
[Board "1"]
[White "Vojinovic, Jovana"]
[Black "Ordaz Valdes, Lisandra Teresa"]
[Result "1/2-1/2"]
[WhiteTitle "WGM"]
[BlackTitle "WGM"]
[WhiteElo "2337"]
[BlackElo "2344"]
[WhiteTeam "Montenegro"]
[BlackTeam "Cuba"]
[WhiteFideId "937266"]
[BlackFideId "3506940"]
[EventDate "2012.08.28"]

1. Nf3 Nf6 2. c4 e6 3. g3 a6 4. Bg2 b5 5. b3 Bb7 6. O-O c5 7. Nc3 bxc4 8. bxc4
Be7 9. Rb1 Bc6 10. e3 O-O 11. d4 Ne4 12. Ne2 Nf6 13. Bd2 Be4 14. Rc1 Nc6 15. Qa4
Rb8 16. Bc3 Nb4 17. a3 Nd3 18. Ra1 Nb2 19. Bxb2 Rxb2 20. Nc3 Bd3 21. Rfc1 Qb6
22. Qd1 Bxc4 23. Na4 Bb3 24. Nxb6 Bxd1 25. Nc4 Rc2 26. Rxd1 Rxc4 27. Ne5 Ra4 28.
dxc5 Bxc5 29. Nxd7 Nxd7 30. Rxd7 Rxa3 31. Rxa3 1/2-1/2

[Event "40th Olympiad Women"]
[Site "Istanbul TUR"]
[Date "2012.09.06"]
[Round "9.23"]
[Board "2"]
[White "Linares Napoles, Oleiny"]
[Black "Milovic, Aleksandra"]
[Result "1-0"]
[WhiteTitle "WGM"]
[BlackTitle "WFM"]
[WhiteElo "2355"]
[BlackElo "2181"]
[WhiteTeam "Cuba"]
[BlackTeam "Montenegro"]
[WhiteFideId "3504794"]
[BlackFideId "933988"]
[EventDate "2012.08.28"]

1. e4 c5 2. Nf3 e6 3. c3 d5 4. exd5 Qxd5 5. d4 Nf6 6. Be3 cxd4 7. cxd4 Be7 8.
Nc3 Qd6 9. Bd3 Nc6 10. a3 O-O 11. O-O a6 12. Qe2 Bd7 13. Rfd1 Rad8 14. Rac1 Rfe8
15. Bb1 Na7 16. Bg5 Nb5 17. Ne4 Nxe4 18. Bxe7 Rxe7 19. Qxe4 f5 20. Qh4 Bc6 21.
Ba2 Bxf3 22. gxf3 Red7 23. d5 e5 24. Kh1 Kh8 25. Rc4 g6 26. Qg5 Qe7 27. Qe3 Nd6
28. Rc2 Qf6 29. Re1 Re8 30. Qb6 Kg7 31. a4 Qh4 32. Bb3 Qd8 33. Qc5 Ree7 34. Rce2
Kf6 35. Rxe5 Rxe5 36. Qd4 Ne4 37. f4 Qe7 38. f3 Nf2+ 39. Kg2 1-0

[Event "40th Olympiad Women"]
[Site "Istanbul TUR"]
[Date "2012.09.06"]
[Round "9.23"]
[Board "3"]
[White "Blagojevic, Tijana"]
[Black "Arribas Robaina, Maritza"]
[Result "1/2-1/2"]
[BlackTitle "WGM"]
[WhiteElo "2004"]
[BlackElo "2296"]
[WhiteTeam "Montenegro"]
[BlackTeam "Cuba"]
[WhiteFideId "16500270"]
[BlackFideId "3501418"]
[EventDate "2012.08.28"]

1. e4 e6 2. d4 d5 3. e5 c5 4. c3 Qb6 5. Nf3 Bd7 6. Bd3 cxd4 7. Nxd4 Nc6 8. Nf3
Qc7 9. Qe2 Nb4 10. O-O Nxd3 11. Qxd3 Ne7 12. Bf4 Ng6 13. Bg3 Be7 14. Nbd2 Rc8
15. Rfe1 Qb6 16. Qc2 O-O 17. Nb3 Ba4 18. Qd2 Bxb3 19. axb3 Qxb3 20. Rxa7 Bc5 21.
Raa1 Ra8 22. h4 Ne7 23. h5 Ra4 24. Rxa4 Qxa4 25. h6 Qg4 26. hxg7 Ra8 27. Bh4 Ng6
28. Qg5 Qxg5 29. Bxg5 Kxg7 30. Kf1 Ra2 31. Re2 Ra1+ 32. Re1 Ra2 33. Re2 Ra1+ 34.
Re1 Ra2 1/2-1/2

[Event "40th Olympiad Women"]
[Site "Istanbul TUR"]
[Date "2012.09.06"]
[Round "9.23"]
[Board "4"]
[White "Llaudy Pupo, Lisandra"]
[Black "Stojanovic, Marija R"]
[Result "1-0"]
[WhiteTitle "WIM"]
[BlackTitle "WFM"]
[WhiteElo "2264"]
[BlackElo "2097"]
[WhiteTeam "Cuba"]
[BlackTeam "Montenegro"]
[WhiteFideId "3506487"]
[BlackFideId "931411"]
[EventDate "2012.08.28"]

1. e4 c5 2. Nf3 d6 3. d4 cxd4 4. Qxd4 Bd7 5. c4 Nc6 6. Qe3 g6 7. Be2 Nf6 8. h3
Bg7 9. O-O O-O 10. Nc3 Rc8 11. Rb1 a6 12. b3 Ne8 13. Nd5 Be6 14. Bb2 b5 15. Bxg7
Nxg7 16. Qh6 f6 17. cxb5 axb5 18. Bxb5 Bxd5 19. exd5 Nb4 20. Qd2 Qa5 21. Bc4 Ra8
22. Nd4 Kh8 23. Rfe1 Ra7 24. a3 Nxd5 25. b4 1-0

[Event "40th Olympiad Women"]
[Site "Istanbul TUR"]
[Date "2012.09.06"]
[Round "9.24"]
[Board "1"]
[White "Reizniece-Ozola, Dana"]
[Black "Milligan, Helen"]
[Result "1-0"]
[WhiteTitle "WGM"]
[BlackTitle "WFM"]
[WhiteElo "2251"]
[BlackElo "1987"]
[WhiteTeam "Latvia"]
[BlackTeam "New Zealand"]
[WhiteFideId "11601124"]
[BlackFideId "2401312"]
[EventDate "2012.08.28"]

1. c4 Nf6 2. Nf3 g6 3. g3 Bg7 4. Bg2 d6 5. O-O O-O 6. Nc3 e5 7. d4 Nbd7 8. h3
Re8 9. e4 exd4 10. Nxd4 a6 11. Re1 Rb8 12. a4 Nc5 13. b4 Ne6 14. Be3 a5 15. b5
Nc5 16. Qc2 Be6 17. Nxe6 Nxe6 18. Rad1 Nd7 19. f4 b6 20. Nd5 Nec5 21. Kh2 Qc8
22. Bc1 Nf6 23. Re2 Nxd5 24. cxd5 f5 25. Rde1 Qd7 26. e5 Rbd8 27. Bb2 Re7 28.
Bf3 Rf8 29. Bc1 Rfe8 30. Bb2 Rf8 31. Qd1 Qd8 32. Kg2 Ree8 33. Bd4 g5 34. e6 Qe7
35. Bh5 Ne4 36. Bxe8 Rxe8 37. Rxe4 fxe4 38. Rxe4 Rf8 39. fxg5 Rf5 40. Bxg7 Kxg7
41. h4 Kg8 42. Qd4 Rf8 43. Rf4 1-0

[Event "40th Olympiad Women"]
[Site "Istanbul TUR"]
[Date "2012.09.06"]
[Round "9.24"]
[Board "2"]
[White "Tsoi, Nicole"]
[Black "Rogule, Laura"]
[Result "0-1"]
[WhiteTitle "WFM"]
[BlackTitle "WGM"]
[WhiteElo "1786"]
[BlackElo "2315"]
[WhiteTeam "New Zealand"]
[BlackTeam "Latvia"]
[WhiteFideId "4302605"]
[BlackFideId "11601876"]
[EventDate "2012.08.28"]

1. d4 Nf6 2. Nf3 b6 3. Bf4 Bb7 4. e3 g6 5. Be2 Bg7 6. h3 O-O 7. O-O d6 8. c4
Nbd7 9. Nc3 e6 10. Rc1 Qe7 11. Re1 Rfe8 12. Nb5 Rec8 13. b4 Ne4 14. Nd2 a6 15.
Nc3 Nxc3 16. Rxc3 e5 17. dxe5 dxe5 18. Bg3 Qxb4 19. Rb3 Qe7 20. Qc2 Nc5 21. Rbb1
Rd8 22. Red1 Rd7 23. Bf3 Bxf3 24. Nxf3 Rad8 25. Rxd7 Rxd7 26. Rd1 Rxd1+ 27. Qxd1
Qd7 28. Qc2 Qd3 29. Qxd3 Nxd3 30. Kf1 f6 31. Nd2 Kf7 32. Bh2 Bf8 33. f4 exf4 34.
Bxf4 Bd6 35. g3 Ke6 36. Kg2 Bxf4 37. exf4 f5 38. Kf3 Kd6 39. Ke3 Nb4 40. a4 Kc5
41. g4 Nc2+ 42. Kd3 Nd4 43. gxf5 gxf5 44. Ke3 Ne6 45. h4 Kb4 0-1